000
00345nam a2200145Ia 4500
003
OSt
005
20240415101204.0
008
170523s9999 xx 000 0 und d
020
_a
9788179923269
040
_c
IIMT UNIVERSITY, MEERUT
100
_a
RETHMAN
245
0
_a
50 COMPANIES THAT CHANGE
260
_b
TATA MC GRAW HILL
942
_2
ddc
_c
02
999
_c
2001
_d
2001